[Event "EU-chT (Men) 13th"]
[Site "Leon"]
[Date "2001.11.15"]
[Round "9.1"]
[White "Adams, Michael"]
[Black "Beliavsky, Alexander G"]
[Result "0-1"]
[WhiteElo "2731"]
[BlackElo "2668"]
[Annotator "Wedberg,T"]
[PlyCount "120"]
[EventDate "2001.11.06"]
[EventType "team-swiss"]
[EventRounds "9"]
[EventCountry "ESP"]
[SourceTitle "CBM 086"]
[Source "ChessBase"]
[SourceDate "2002.02.05"]
[SourceVersion "1"]
[SourceVersionDate "2002.02.05"]
[SourceQuality "1"]
[WhiteTeam "England"]
[BlackTeam "Slovenia"]
[WhiteTeamCountry "ENG"]
[BlackTeamCountry "SLO"]

1. e4 e5 2. Nf3 Nc6 3. Bb5 a6 4. Ba4 Nf6 5. O-O Be7 6. Re1 b5 7. Bb3 d6 8. c3
O-O 9. h3 Re8 10. d4 Bb7 11. Nbd2 Bf8 12. d5 Nb8 13. Nf1 Nbd7 14. N3h2 Nc5 15.
Bc2 c6 16. b4 (16. dxc6 Bxc6 17. Bg5 h6 18. Bxf6 Qxf6 19. Ng3 (19. Ng4 Qg5 20.
Ng3 Ne6 21. Ne3 Nf4 22. Qf3 g6 $13 {Herrera,I-Ibragimov,I/Anibal op4th 1997/
CBM 58/0-1 (42)}) 19... g6 20. Ng4 Qd8 21. Ne3 h5 22. Nd5 Bh6 23. b4 Ne6 24.
Bb3 Rc8 25. Ne2 Nc7 {1/2-1/2 Ghinda,M-Cela,A/Ano Liosia op 1998/EXP 62 (40)})
16... Ncd7 17. dxc6 Bxc6 18. Ng4 (18. Bg5 Qc7 19. Bxf6 Nxf6 20. Ng4 Nd7 21. Qf3
Nb6 22. Bb3 {[%csl Yd5]} Qb7 23. Ng3 d5 {1/2-1/2 Korneev,O-Ibragimov,I/
RUS-Cup5 1997/EXP 57 (51)}) 18... Nxg4 19. hxg4 Nb6 20. Qd3 (20. Ne3 d5 21.
exd5 Nxd5 22. Nxd5 Qxd5 23. Qxd5 Bxd5 24. Bb3 Be6 25. Bxe6 Rxe6 26. a4 $14 {
1/2-1/2 Kasparov,G-Ivanchuk,V/Linares 1998/CBM 64/[ChessBase] (54)}) 20... g6
21. Rd1 Qc7 {[%mdl 4] A good square for the Q eying the c3 weakness. In this
game Beliavsky manages to handle the problem with the weak d5-square in avery
convincing fashion.} (21... d5 $6 22. Be3 Nc4 23. exd5 $1 Nb2 24. Qe2 Nxd1 25.
Rxd1 Bd7 26. Ng3 a5 27. bxa5 Rxa5 28. Bb3 Bd6 29. Ne4 $16 {1-0 Vuckovic,
B-Dervishi,E/Yerevan 1999/CBM 72 ext (41)}) 22. Qf3 Bd7 23. Bb3 Be6 24. Bg5 a5
25. Ne3 Bxb3 26. axb3 axb4 27. cxb4 Rxa1 28. Rxa1 d5 $1 $132 {Black frees his
B and solves the d5-problem in one move.} 29. Nxd5 Nxd5 30. exd5 e4 31. Qe3 Qd7
32. Qd2 Qxg4 33. Ra6 Bxb4 34. Qc1 (34. Qxb4 Qxg5 35. Qxb5 Rd8 $15) 34... Bc5
35. Rc6 e3 $1 (35... Re5 $6 36. Qxc5 $11) 36. Bxe3 Bxe3 37. fxe3 h5 $17 {
White has a passed P, but his K is so unsafe that he can never really make
anything out of it.} 38. Rc7 Re5 39. Qf1 Rf5 40. Qa1 Kh7 41. d6 Qg3 42. Rc8 (
42. Qa7 Kh6 $40 {/\Rf2}) 42... Qxe3+ 43. Kh1 f6 44. Rc3 Qd2 45. Rc7+ Kh6 46. d7
Re5 47. Qc3 Qxc3 48. Rxc3 Rd5 $19 49. Rc7 f5 50. b4 Kg5 51. Rb7 Kg4 52. Kh2 h4
53. Rxb5 Rxd7 54. Rc5 Rd2 55. Kg1 Rb2 56. b5 h3 57. Rc4+ f4 58. gxh3+ Kg3 59.
Kf1 Rxb5 60. Ke2 g5 0-1

[Event "FIDE World Cup final"]
[Site "Hyderabad"]
[Date "2002.10.15"]
[Round "1.1"]
[White "Beliavsky, Alexander G"]
[Black "Rublevsky, Sergei"]
[Result "1-0"]
[WhiteElo "2650"]
[BlackElo "2664"]
[Annotator "Ftacnik,L"]
[PlyCount "100"]
[EventDate "2002.10.15"]
[EventType "k.o."]
[EventRounds "3"]
[EventCountry "IND"]
[SourceTitle "CBM 092"]
[Source "ChessBase"]
[SourceDate "2003.02.06"]
[SourceVersion "1"]
[SourceVersionDate "2003.02.06"]
[SourceQuality "1"]

1. Nf3 {Horn,Pe} d5 2. g3 Bg4 3. Bg2 Nd7 4. c4 e6 5. d3 c6 6. Nbd2 Ngf6 7. b3
a5 8. a3 Be7 9. Bb2 O-O 10. O-O b5 11. Rc1 Qb6 12. Rc2 Rfc8 {'N' Horn,Pe.} (
12... dxc4 {Horn,Pe} 13. bxc4 (13. dxc4 {Horn,Pe} Rad8 14. Qa1 b4 15. a4 Bf5
16. Rcc1 Nc5 $11 {Leuly,M-Zakhvatov,V/Paris 1998}) 13... b4 14. axb4 axb4 15.
Nd4 Rfc8 16. h3 Bh5 17. N2b3 Bg6 18. Qd2 $14 {Nikolaevsky,Y-Dzindzichashvili,R/
Leningrad 1971/URS-ch}) (12... bxc4 {Horn,Pe} 13. bxc4 Qa6 14. Qa1 Rfc8 15.
Rfc1 a4 $13 {Luimes,W-Bluebaum,K/Brackwede 1984}) 13. Qa1 Ne8 (13... dxc4 14.
bxc4 b4 $11) 14. Rfc1 Qb7 15. Nd4 Nc5 (15... a4 16. b4 Nd6 17. cxd5 cxd5 18.
Nc6 $14) 16. Nxc6 $5 {The move like this in chess equals the small atomic bomb,
the rules on the board will be dramatically changed. Horn,Pe: 'Beliavsky
startet einen schwer zu durchschauenden Wirbelsturm.'} Qxc6 (16... Rxc6 17.
cxd5 exd5 18. Bxd5 Rd8 19. Bxc6 Qxc6 20. Ne4 Nxb3 21. Rxc6 Nxa1 22. Rxa1 Bxe2
23. d4 $16) 17. cxd5 exd5 (17... Qa6 $5 18. d6 Bxd6 19. Bxa8 Rxa8 (19... Qxa8
20. d4 Bxe2 21. dxc5 $16) 20. f3 Bxf3 21. exf3 Nxd3 22. Rd1 $14) 18. d4 Nxb3 {
'!' Horn,Pe.} (18... Qb6 $1 19. dxc5 Bxc5 20. Bxd5 (20. e3 Bf5 $15) 20... Bxf2+
21. Kg2 Be3 $15) (18... Bxe2 {Horn,Pe} 19. dxc5 $14 {ist sehr angenehm für
Weiss.}) 19. Rxc6 (19. Nxb3 Qxc2 (19... Qe6 20. Rxc8 Rxc8 21. Rxc8 Qxc8 22.
Nxa5 $14) 20. Rxc2 Rxc2 21. Bxd5 Rd8 22. Be4 Rxe2 23. Bd3 Re6 24. Bxb5 Nd6 25.
Bd3 $14) 19... Nxa1 20. Bxd5 (20. Rxc8 {Horn,Pe} Rxc8 21. Rxc8 Bxc8 22. Bxa1
Bxa3 $19) 20... Rxc6 $2 {Black is losing track in a very complicated position
and ignores some attractive options.} (20... Nf6 $1 21. Bg2 (21. Rxf6 Rxc1+ 22.
Bxc1 Bxf6 23. Bxa8 Bxd4 $15) (21. Rxc8+ {Horn,Pe} Rxc8 $19) 21... Rxc6 22. Rxc6
(22. Bxc6 {Horn,Pe} Rc8 {Jetzt geht} 23. d5 {nicht:} Nxd5 24. Bxd5 Rxc1+ 25.
Bxc1 Bxe2 $17) 22... Re8 23. e4 (23. e3 {Horn,Pe}) (23. Bxa1 {Horn,Pe} Bxa3)
23... a4 24. e5 (24. Bxa1 {Horn,Pe} Bxa3 25. e5 Nd7 $132) 24... Nd7 $13) 21.
Bxc6 Rc8 22. d5 Bf6 {'?' Horn,Pe. Horn,Pe: 'Danach neigt sich die Waage
zugunsten von Weiss.'} (22... Bxe2 23. Re1 (23. Bxa1 {Horn,Pe} Kf8 $1 $132 (
23... Bxa3 {Horn,Pe} 24. Re1)) 23... Bf6 (23... Nc2 {Horn,Pe} 24. Rxe2 Bf6) 24.
Bxa1 Bxa1 25. Rxe2 $16) 23. Bxa1 Bxe2 (23... Bxa1 24. Rxa1 Bxe2 $2 25. Re1 $18)
24. Bxf6 (24. Re1 $5 Bxa1 (24... Bd3 25. Bxe8 Bxa1 26. Bc6 Bb2 27. d6 $16) 25.
Rxe2 Nf6 26. Nb3 $16) 24... Nxf6 25. Re1 Bg4 {'?' Horn,Pe. Horn,Pe: 'Danach
ist der Pb5 sofort weg.'} (25... Bd3 26. Re3 Bc2 27. Re7 $14 Bd3 (27... Rb8 {
Horn,Pe} 28. Ra7 b4 29. Rxa5 b3 30. Ba4 $1 $16) 28. Rb7 h6 29. Bxb5 $16) 26.
Rb1 b4 (26... Rb8 27. Nc4 Bf5 28. Rb3 Bc2 29. Rb2 Be4 30. Nxa5 Bxd5 31. Rxb5
$16) 27. axb4 axb4 (27... Bf5 28. Rb2 axb4 29. Rxb4 Kf8 $16) 28. Rxb4 {
Beliavsky is enjoying spare pawn in the center, but converting the advantage
will take a hand of a master.} Kf8 (28... Bf5 29. f3 $16) 29. Ne4 Nxe4 (29...
Ne8 30. Kg2 Rd8 31. f3 Bf5 32. g4 Bg6 33. Kg3 $16) 30. Rxe4 Bf5 31. Rf4 Bg6 (
31... Bh3 32. Rh4 Bf5 33. Rh5 Bg6 34. Re5 $16) 32. Rb4 Ke7 33. Rb7+ Kf6 (33...
Kd6 34. Rd7+ Kc5 35. Kg2 $16) 34. f3 Ke5 (34... Ra8 35. h4 Ra1+ 36. Kf2 $16)
35. Kf2 Kd4 36. g4 h5 37. Kg3 hxg4 (37... Rh8 38. h3 hxg4 39. hxg4 $16) 38.
fxg4 Be4 (38... Rf8 39. h4 Ke5 40. h5 Bd3 41. g5 Kf5 42. Kh4 $16) 39. Kf4 Bxd5
40. Bxd5 Kxd5 41. Rxf7 {The rook endgame is hopeless for Rublevsky, since his
king is cut off from the promotion square.} Rh8 42. Rxg7 Rxh2 43. Re7 Kd6 44.
Re4 Rf2+ 45. Kg5 Rf8 46. Kh6 Rh8+ 47. Kg7 Rh4 48. Kg6 Kd7 49. Kf5 Kd6 50. Re1
Kd5 1-0

[Event "EU-ch 12th"]
[Site "Aix les Bains"]
[Date "2011.03.31"]
[Round "9"]
[White "Laznicka, Viktor"]
[Black "Beliavsky, Alexander G"]
[Result "0-1"]
[WhiteElo "2688"]
[BlackElo "2619"]
[Annotator "Reeh,O"]
[PlyCount "104"]
[EventDate "2011.03.22"]
[EventType "swiss"]
[EventRounds "11"]
[EventCountry "FRA"]
[SourceTitle "CBM 142 Extra"]
[Source "ChessBase"]
[SourceDate "2011.06.27"]
[SourceVersion "1"]
[SourceVersionDate "2011.06.27"]
[SourceQuality "1"]

1. d4 Nf6 2. c4 e6 3. g3 d5 4. Nf3 Be7 5. Bg2 O-O 6. O-O dxc4 7. Qc2 a6 8. Qxc4
b5 9. Qc2 Bb7 10. Bd2 Be4 11. Qc1 Bb7 12. Bf4 Bd6 13. Nbd2 Bxf4 14. gxf4 Nbd7
15. Nb3 Be4 16. Qe3 Nb6 17. Nc5 Nc4 18. Qc3 Bd5 19. Rfd1 Ne4 20. Nxe4 Bxe4 21.
Ne1 Bxg2 22. Nxg2 Nb6 23. Rac1 Nd5 24. Qf3 f5 25. Ne3 Qd7 26. Rc5 c6 27. Rdc1
Rac8 28. Nxd5 exd5 29. Qa3 Qe8 30. e3 Rf6 31. Kf1 h6 32. Qxa6 Kh7 33. a3 Rg6
34. R1c2 Re6 35. Ke2 Ra8 36. Qb7 Qh5+ 37. Kd3 Ra4 38. Kc3 $6 {This allows
Black's queen to invade the white camp. Erlaubt der schwarzen Dame, in die
weiße Stellung einzudringen.} (38. Rc1 $1 {would have given White excellent
winning chances, e.g. hätte Weiß ausgezeichnete Gewinnchancen verschafft, z.B.}
Rc4 39. Rg1 $1 Rg6 40. Qf7 (40. Rxg6 $4 Qd1#) 40... Rg5 {[%tqu "En","Black is
trying to escape into a rook ending. Which kind of liquidation do you suggest
for White?","A pure pawn ending would be won, since White can quickly create a
distant passed a-pawn with b3 followed by a4. How can White exchange all major
pieces?","","f4g5","Super assessment!  White wins back the queen through the
pawn fork 42.g6+ and follows up by exchanging the black Rc4 too with b3.  
Then he creates a passed a-pawn with a4 and has a simply won pawn ending.",25,
"f7h5","Not so strong -White still has some work to do in the rook ending.",5,
"De","Schwarz versucht, sich in ein Turmendspiel zu flüchten. Weiß hat einen
Mehrbauern - welche Abwicklung schlagen Sie für ihn vor?","Ein reines
Bauernendspiel wäre auch bei gleicher Bauernanzahl für Weiß gewonnen, da er
mit b3 nebst a4 schnell einen a-Freibauern bilden kann. Wie kann Weiß
sämtliche Schwerfiguren tauschen?","","f4g5","Super eingeschätzt!  Weiß
gewinnt durch die Bauerngabel 42.g6+ die Dame zurück und tauscht anschließend
auch noch durch b3 den schwarzen Rc4.  Anschließend bildet er mit a4 einen
freien a-Bauern und hat ein leicht gewonnenes Bauernendspiel.",25,"f7h5",
"Nicht so stark - im Turmendspiel muss Weiß trotz des Mehrbauern auf jeden
Fall noch arbeiten.",5]} 41. fxg5 $1 {Simplest - White exchanges all major
pieces and liquidates into a won pawn ending. Am einfachsten - Weiß tauscht
sämtliche Schwerfiguren und wickelt in ein gewonnenes Bauernendspiel ab.} (41.
Qxh5 Rxh5 {would be less clear. wäre weniger klar.}) 41... Qxf7 42. g6+ Qxg6
43. Rxg6 Kxg6 44. b3 $1 Rxc5 45. dxc5 Kf6 46. a4 bxa4 47. bxa4 {and thanks to
the passed a-pawn the ending is simply won for White: und dank des
a-Freibauern ist das Endspiel leicht für Weiß gewonnen:} Ke6 48. Kd4 g5 49. a5
Kd7 50. Ke5 {etc. usw.}) 38... Qd1 $1 {His active queen guarantees Black at
least a draw now. Seine aktive Dame garantiert Schwarz nun zumindest das Remis.
} 39. Qd7 Rf6 40. Rd2 Qb1 41. Rc2 Rc4+ 42. Rxc4 bxc4 43. Qb7 Qe1+ 44. Rd2 Rg6
45. Qf7 Qb1 46. Rc2 Rf6 47. Qb7 Rf8 48. h4 Re8 $3 {Ein little move of
incredible power!  Ein kleiner Zug von unglaublicher Kraft!} 49. h5 {Allowing
a rapid finish, but the alternatives were no joy either. Erlaubt ein schnelles
Ende, aber die Alternativen waren auch keine Freude.} (49. Qxc6 {(or 50.Qd7
Rb8 - the check on f5 is not dangerous due to the simple ...Kh8) (oder 50.Qd7
Rb8 - das Schach auf f5 ist nicht gefährlich wegen einfach ...Kh8)} {leaves
the b-file and allows verlässt die b-Linie und erlaubt} Rb8 {and there is no
defence against the threat 50...Rb3+. und es gibt keine Verteidigung gegen die
Drohung 50...Rb3+.}) (49. b3 {[%tqu "En","What do you suggest for Black?",
"Black needs open lines in the centre. What if there were no white pawn on
e3?","","c6c5","Forcing open the centre!  After 50.dxc5 Black follows up with
the energetic d4+!, and after 51.exd4 comes which point?",30,"De","Was
schlagen Sie für Schwarz vor?","Schwarz braucht offene Linien im Zentrum. Was
wäre, wenn kein weißer Bauer auf e3 stünde?","","c6c5","Hebelt das Zentrum
auf!   Nach 50.dxc5 setzt Schwarz energisch mit d4+! fort, und nach 51.exd4
kommt dann welche Pointe?",30]} c5 $3 {The key idea - Black forces open the
centre and gets the e-file for his rook. Die Schlüsselidee - Schwarz bricht
das Zentrum auf und erobert die e-Linie für seinen Turm.} 50. dxc5 (50. Qxd5
Qxb3+ 51. Kd2 c3+ {and 52...Qxd5. und 52...Qxd5.}) 50... d4+ $1 51. exd4 {
[%tqu "En","Black to play and win.","","","e8e2","Conquering the d3-square for
the queen - White gets checkmated or loses his queen!",15,"De","Schwarz zieht
und gewinnt.","","","e8e2","Kämpft das Feld d3 für die Dame frei - Weiß wird
matt oder verliert seine Dame!",15]} Re2 $1 52. Rxe2 Qd3+ 53. Kb2 (53. Kb4
Qxb3+ 54. Ka5 Qxb7) 53... c3+ 54. Kc1 Qxe2 {and Black checkmates. und Schwarz
setzt matt.}) ({while während} 49. Qb6 {(49.Kd2 Qf1-+) prevents the game
continuation, but loses too: die Partiefortsetzung verhindert, aber ebenfalls
verliert:} {[%tqu "En","With 49.Qb6 White has parried Black's threat 49...Qe1+
50.Rd2 Rxe3+.  What do you suggest now?","Does 49.Qb6 really prevent ...c5? 
Open lines!","","c6c5","That's it again!  If the queen captures, 50...Rb8
decides, and after 50.dxc5 comes again 50...50...Qe1+!, intending which point
after 51.Rd2?",30,"De","Mit 49.Qb6 hat Weiß die schwarze Drohung 49...Qe1+ 50.
Rd2 Rxe3+ entschärft.  Was schlagen Sie jetzt vor?","Verhindert 49.Qb6
wirklich ...c5?  Öffnen Sie Linien!","","c6c5","Das ist es wieder!  Wenn die
Dame schlägt, entscheidet 50...Rb8, und nach 50.dxc5 kommt erneut 50...Qe1+,
mit welcher Pointe nach 51.Rd2?",30]} c5 $3 {(again!) (wieder!)} (49... Qe1+ {
not sufficient is nicht ausreichend ist} 50. Rd2 Rxe3+ 51. fxe3 Qc1+ 52. Rc2
Qxe3+ 53. Kb4 Qb3+ 54. Kc5 Qxc2 55. Kxc6) 50. dxc5 (50. Qxc5 Rb8) 50... Qe1+ $1
51. Rd2 {[%tqu "En","What now?","","","d5d4","...and after 52.exd4 (Kxd4 Qxd2+)
Re2 White loses his rook.",10,"De","Was nun?","","","d5d4","...und nach 52.
exd4 (Kxd4 Qxd2+) Re2 verliert Weiß seinen Turm.",10]} d4+ $1 52. exd4 (52.
Kxd4 Qxd2+) 52... Re2 {and game over. und game over.}) 49... Qe1+ 50. Rd2 Qc1+
$1 ({The immediate Das sofortige} 50... Rxe3+ {would be weaker due to wäre
schwächer wegen} 51. fxe3 Qc1+ 52. Kb4 $1 Qxd2+ 53. Kc5 {and White is alive.
und Weiß lebt.}) 51. Rc2 {[%tqu "En","Deliver the final touch!","","","e8e3",".
..and 52.fxe3 Qxe3+ costs White his queen on b7!",10,"De","Versetzen Sie Weiß
den Gnadenstoß!","","","e8e3","...und 52.fxe3 Qxe3+ kostet die weiße Dame b7!",
10]} Rxe3+ $1 52. Kb4 (52. fxe3 Qxe3+ 53. Kb4 Qb3+ {costs the queen as well.
kostet ebenfalls die Dame.}) 52... Qxc2 {and White resigned in view of 53.fxe3
Qxb2+ followed by 54...Qxb7. im Hinblick auf 53.fxe3 Qxb2+ nebst 54...Qxb7 gab
Weiß sich geschlagen.} 0-1